|
|
|
|
| LEADER |
03264cam a2200781 a 4500 |
| 001 |
nkc20051306503 |
| 003 |
CZ PrNK |
| 005 |
20140812160126.0 |
| 007 |
ta |
| 008 |
060605s2006 xr h g 000 fbcze d |
| 015 |
|
|
|a cnb001306503
|
| 020 |
|
|
|a 80-7185-643-6
|q (brož.)
|
| 035 |
|
|
|a (OCoLC)71302370
|
| 040 |
|
|
|a KLG001
|b cze
|d BOA001
|d OLA001
|d ABA001
|
| 043 |
|
|
|a e-xr---
|a e-hu---
|a e-gx---
|
| 045 |
|
|
|a q0q3
|a r5s0
|
| 072 |
|
7 |
|a 821.162.3-3
|x Česká próza
|2 Konspekt
|9 25
|
| 072 |
|
7 |
|a 929
|x Biografie
|2 Konspekt
|9 8
|
| 080 |
|
|
|a 821.162.3-3
|2 MRF
|
| 080 |
|
|
|a 27-36
|2 MRF
|
| 080 |
|
|
|a 27-36-055.2
|2 MRF
|
| 080 |
|
|
|a 27-46
|2 MRF
|
| 080 |
|
|
|a 929
|2 MRF
|
| 080 |
|
|
|a 091.07
|2 MRF
|
| 080 |
|
|
|a (437.3)
|2 MRF
|
| 080 |
|
|
|a (439)
|2 MRF
|
| 080 |
|
|
|a (430)
|2 MRF
|
| 080 |
|
|
|a (0:82-322.6)
|2 MRF
|
| 080 |
|
|
|a (0:82-343)
|2 MRF
|
| 100 |
1 |
|
|a Štítný ze Štítného, Tomáš,
|d asi 1333-asi 1409
|7 jn19981002480
|4 aut
|
| 245 |
1 |
0 |
|a Život svaté Alžběty /
|c Tomáš ze Štítného ; [editor Jaroslav Kolár]
|
| 250 |
|
|
|a Vyd. 1.
|
| 260 |
|
|
|a Praha ;
|a Litomyšl :
|b Paseka,
|c 2006
|
| 300 |
|
|
|a 73 s. :
|b faksim. ;
|c 20 cm
|
| 490 |
1 |
|
|a Scholares ;
|v sv. 10
|
| 500 |
|
|
|a Vychází v rámci semináře Nakladatelská praxe na Filozofické fakultě Univerzity Karlovy ve spolupráci se studenty Vysoké školy uměleckoprůmyslové v Praze
|
| 500 |
|
|
|a Vydáno ve spolupráci s Ústavem české literatury a literární vědy FF UK
|
| 500 |
|
|
|a Obsahuje ukázku rukopisu, slovníček a poznámky
|
| 600 |
0 |
7 |
|a Alžběta Durynská,
|c svatá,
|d 1207-1231
|7 jn20000700041
|2 czenas
|
| 600 |
1 |
7 |
|a Štítný ze Štítného, Tomáš,
|d asi 1333-asi 1409.
|t Život svaté Alžběty
|7 aun2006373686
|2 czenas
|
| 600 |
0 |
9 |
|a Elisabeth, von Thüringen,
|c Saint,
|d 1207-1231
|2 eczenas
|
| 648 |
|
7 |
|a 13. století
|7 ch460551
|2 czenas
|
| 648 |
|
7 |
|a 14. století
|7 ch460552
|2 czenas
|
| 650 |
0 |
7 |
|a česká próza
|7 ph116861
|y 14. stol.
|2 czenas
|
| 650 |
0 |
7 |
|a hagiografie
|7 ph120634
|z Česko
|y 14. stol.
|2 czenas
|
| 650 |
0 |
7 |
|a křesťanské světice
|7 ph122127
|z Maďarsko
|y 13. stol.
|2 czenas
|
| 650 |
0 |
7 |
|a křesťanské světice
|7 ph122127
|z Německo
|y 13. stol.
|2 czenas
|
| 650 |
0 |
7 |
|a charitativní činnost
|7 ph135878
|z Německo
|y 13. stol.
|2 czenas
|
| 650 |
0 |
9 |
|a Czech prose literature
|y 14th century
|2 eczenas
|
| 650 |
0 |
9 |
|a hagiography
|z Czechia
|y 14th century
|2 eczenas
|
| 650 |
0 |
9 |
|a Christian women saints
|z Hungary
|y 13th century
|2 eczenas
|
| 650 |
0 |
9 |
|a Christian women saints
|z Germany
|y 13th century
|2 eczenas
|
| 650 |
0 |
9 |
|a charities
|z Germany
|y 13th century
|2 eczenas
|
| 655 |
|
7 |
|a biografické prózy
|7 fd131904
|2 czenas
|
| 655 |
|
7 |
|a legendy
|7 fd132726
|2 czenas
|
| 655 |
|
7 |
|a faksimile
|7 fd132227
|2 czenas
|
| 655 |
|
9 |
|a biographical prose
|2 eczenas
|
| 655 |
|
9 |
|a legends
|2 eczenas
|
| 655 |
|
9 |
|a facsimiles
|2 eczenas
|
| 700 |
1 |
|
|a Kolár, Jaroslav,
|d 1929-2013
|7 jk01061212
|4 edt
|
| 710 |
2 |
|
|a Vysoká škola uměleckoprůmyslová
|7 kn20010709185
|
| 710 |
2 |
|
|a Univerzita Karlova.
|b Ústav české literatury a literární vědy
|7 mzk2006340930
|
| 830 |
|
0 |
|a Scholares
|0 s
|
| 910 |
2 |
|
|a BOA001
|b 2-1171.052
|
| 990 |
|
|
|a BK
|
| 995 |
|
|
|a 01
|
| 991 |
|
|
|b 200607
|
| 996 |
6 |
|
|b 2610283989
|c 2-1171.052
|l MZK
|r Sklad / do 1 hodiny
|n 7
|p p.v.
|w 000820618
|u 000010
|a 1
|e BOA001
|j MZK50
|s P
|